| 000 | 01135nam a2200229Ia 4500 | ||
|---|---|---|---|
| 003 | OSt | ||
| 005 | 20211021123617.0 | ||
| 008 | 210310s1987 cl fr 000 0 spa d | ||
| 020 | _a9213212259 | ||
| 040 |
_aCO-JMCR _cCO-JMCR |
||
| 041 | 0 | _aspa | |
| 082 | 0 | 4 |
_a338.98 / _bC733r _223 |
| 110 | 1 |
_aComisión Económica para América Latina y el Caribe CEPAL _92893 |
|
| 245 | 1 | 0 |
_aRaul Prebisch : _bun aporte al estudio de su pensamiento / _cComisión Económica para América Latina y el Caribe |
| 260 |
_aSantiago de Chile : _bComisión Económica para América Latina y el Caribe, _c1987 |
||
| 300 |
_a146 páginas ; _c23 cm. |
||
| 500 | _a"Las cinco etapas de su pensamiento sobre el desarrollo. Su última intervención pública. Bibliografía de su obra entre 1920 y 1986"--Tapa | ||
| 505 | 0 | _aHomenaje a Don Raúl Prebisch -- Cinco etapas de mi pensamiento sobre el desarrollo -- Exposición del Dr. Raúl Prebisch en el vigesimoprimer período de sesiones de la CEPAL | |
| 600 | 1 |
_aPrebisch, Raúl, _d1903-1986 _xCrítica e interpretación _941237 |
|
| 651 | 4 |
_aAmérica Latina _xPolítica económica _936232 |
|
| 942 |
_2ddc _cBK |
||
| 999 |
_c8650 _d8650 |
||